Some assembly required (Record no. 80639)

MARC details
000 -LEADER
fixed length control field 01104cab a22001935a 4500
001 - CONTROL NUMBER
control field L144912
008 - FIXED-LENGTH DATA ELEMENTS--GENERAL INFORMATION
fixed length control field 080820e20080620xxko f 000 0 eng d
035 ## - SYSTEM CONTROL NUMBER
System control number (Sirsi) u144912
041 0# - LANGUAGE CODE
Language code of text/sound track or separate title eng
100 1# - MAIN ENTRY--PERSONAL NAME
Personal name Brandon, Simon
245 00 - TITLE STATEMENT
Title Some assembly required
260 ## - PUBLICATION, DISTRIBUTION, ETC.
Date of publication, distribution, etc. 2008
490 ## - SERIES STATEMENT
Series statement Inside Housing
Volume/sequential designation 20 June 2008, 61-65(3)
520 ## - SUMMARY, ETC.
Summary, etc. Presents offsite construction. Shows that construction time is reduced. Suggests that there could be gain of money through economies of scale and if streamline building processes are put into place. Explains that offsite construction improves quality: checks can easily be done as products are standardised. States that these constructions can be sustainable. Reviews three offsite building processes: the offsite construction; the panellised construction; and the hybrid construction. Presents the Design for Manufacture competition, which goal was to prove the possibility of building a good and sustainable house for £60,000 or less.
590 ## - LOCAL NOTE (RLIN)
Local note KA
651 #4 - SUBJECT ADDED ENTRY--GEOGRAPHIC NAME
Geographic name United Kingdom
Chronological subdivision
690 ## - LOCAL SUBJECT ADDED ENTRY--TOPICAL TERM (OCLC, RLIN)
Topical term or geographic name as entry element BUILT ENVIRONMENT-CONSTRUCTION DESIGN
942 ## - ADDED ENTRY ELEMENTS (KOHA)
Suppress in OPAC 0
Holdings
Withdrawn status Lost status Source of classification or shelving scheme Damaged status Not for loan Home library Current library Shelving location Date acquired Total Checkouts Full call number Barcode Date last seen Copy number Price effective from Koha item type
    Dewey Decimal Classification     London London Journal article 20/08/2008   L144912 144912-1001 06/08/2019 1 06/08/2019 Journal article